000 00716nam a2200289Ia 4500
005 20260324121849.0
008 008 260324s9999 xx 000 0 eng d
020 _a9780203864913
037 _aEBOOK
040 _aCRL
040 _beng
040 _cCRL
041 _2eng
041 _aeng
084 _qCRL
100 _aFrank L. Gardner; Zella E. Moore
_91164173
245 0 _aContextual Anger Regulation Therapy
245 2 _bA Mindfulness and Acceptance-Based Approach
260 _bTaylor and Francis
260 _c2013
365 _a
365 _b195
856 _uhttp://www.taylorfrancis.com/books/9780203864913
942 _cEBOOK
999 _c1756535
_d1756535